• 首页
  • 本馆介绍
  • 公告通知
  • 最新文献
  • 馆藏检索
  • 电子资源
  • 读者导购
  • 参考咨询
  • 我的图书馆
  • 登录
  • 详细信息显示
  • 放入我的书架
  • 预约/预借图书
  • 作者相关作品
  • 分类相关作品
  • 丛书相关作品
  • 出版社相关作品

书目信息

  • 表格格式
  • 工作单格式
  • 卡片格式
题名:
教育投资收益分析
    
 
作者: 刘泽云 , 萧今 著
分册:  
出版信息: 北京   北京师范大学出版社  2009
页数: 234页
开本: 23cm
丛书名: 京师教育经济论丛
单 册:
中图分类: G40-054 , G467.2
科图分类:
主题词: 教育投资--jiao yu tou zi--成本效益分析--经济计量分析
电子资源:
ISBN: 978-7-303-09700-5
000 01209nam 2200325 450
001 012001004816
005 20140125110914.0
010    @a978-7-303-09700-5@dCNY26.00
099    @aCAL 012009066406
100    @a20090403d2009 ekmy0chiy0120 ea
101 0  @achi
102    @aCN@b110000
105    @aak a 000yy
106    @ar
200 1  @a教育投资收益分析@Ajiao yu tou zi shou yi fen xi@e基于多层模型方法的研究@f刘泽云, 萧今著
210    @a北京@c北京师范大学出版社@d2009
215    @a234页@c图@d23cm
225 2  @a京师教育经济论丛@Ajing shi jiao yu jing ji lun cong@f丛书主编王善迈
311    @a本书是《 教育投资收益分析: 基于中国企业职工工资收入的研究》的修订版
320    @a有书目 (第212-234页)
410  0 @12001@a京师教育经济论丛
451  0 @12001@a教育投资收益分析: 基于中国企业职工工资收入的研究@1210@a北京@c北京师范大学出版社@d2004
517 1  @a基于多层模型方法的研究@Aji yu duo ceng mo xing fang fa de jing ji yan jiu
606 0  @a教育投资@Ajiao yu tou zi@x成本效益分析@x经济计量分析
690    @aG40-054@v4
690    @aG467.2@v4
701  0 @a刘泽云@Aliu ze yun@4著
701  0 @a萧今@Axiao jin@4著
801  0 @aCN@b江苏凤凰@c20191020
905    @b1239467-8@dG40-054@e1070@f2
    
    教育投资收益分析:基于多层模型方法的研究/刘泽云, 萧今著.-北京:北京师范大学出版社,2009
    234页:图;23cm.-(京师教育经济论丛/丛书主编王善迈)
    
    
    ISBN 978-7-303-09700-5:CNY26.00
    
●
相关链接 在E读中查询图书 在五车中查询图书 在当当中查询图书 在豆瓣中查询图书


正题名:教育投资收益分析     索取号:G40-054/1070         预约/预借

序号 登录号 条形码 馆藏地/架位号 状态 备注
1 1239467   212394675   第一样本阅览室/ [索取号:G40-054/1070] 在馆    
2 1239468   212394684   第四借阅区/ [索取号:G40-054/1070] 在馆    
唐山师范学院图书馆 欢迎您!
大连网信软件有限公司© 版权所有